000
00264nam a22001097a 4500
008
170125b xxu||||| |||| 00| 0 eng d
020
_a
9780781745000
041
_a
eng
080
_2
10TH
_a
618.2
245
_a
MEDICAL-SURGICAL NURSING
_c
SMELTZER, S.C
942
_2
udc
_c
BK
999
_c
3613
_d
3613